000 00442nam a22001817a 4500
999 _c264570
_d264569
003 OSt
005 20241003124819.0
008 241003b xxu||||| |||| 00| 0 eng d
020 _a9780439087964
020 _a0439087961
040 _cN/A
050 _aPZ7.
_bR9553
100 _aPam Muñoz Ryan
245 _aRiding Freedom
_cRyan, Pam Muñoz.
260 _aNew York
_b Scholastic Press
_c1998
300 _b138 pages
942 _2lcc
_cBK